Central Library OPAC University of Rajshahi

আমার চিন্তাধারা / (Record no. 151)

MARC details
000 -LEADER
fixed length control field 00891nam a2200241 a 4500
001 - CONTROL NUMBER
control field 151
003 - CONTROL NUMBER IDENTIFIER
rucl marc code BD-RjUL
005 - DATE AND TIME OF LATEST TRANSACTION
control field 20211208233125.0
008 - FIXED-LENGTH DATA ELEMENTS--GENERAL INFORMATION
fixed length control field 131109s1962 bg ||| r|||| 000 0 ben d
020 ## - INTERNATIONAL STANDARD BOOK NUMBER
Terms of availability : PRs. 7.00
035 ## - SYSTEM CONTROL NUMBER
System control number (BD-RjUL)164
040 ## - CATALOGING SOURCE
Original cataloging agency BD-RjUL
Language of cataloging ben
Transcribing agency BD-RjUL
041 ## - LANGUAGE CODE
Language code of text/sound track or separate title ben
082 04 - DEWEY DECIMAL CLASSIFICATION NUMBER
Edition number 23
Classification number 891.44409
Author mark and year MOA 1962
100 ## - MAIN ENTRY--PERSONAL NAME
Personal name মোস্তফা, গোলাম
9 (RLIN) 489
245 10 - TITLE STATEMENT
Title আমার চিন্তাধারা /
Statement of responsibility, etc. গোলাম মোস্তফা
250 ## - EDITION STATEMENT
Edition statement ১ম সং.
260 ## - PUBLICATION, DISTRIBUTION, ETC. (IMPRINT)
Place of publication, distribution, etc. ঢাকা :
Name of publisher, distributor, etc. রাখাল চন্দ্র দত্ত ,
Date of publication, distribution, etc. ১৯৬২
300 ## - PHYSICAL DESCRIPTION
Pagination [১০], ৩০২ পৃ. ;
Size ২২ সেমি.
650 ## - SUBJECT ADDED ENTRY--TOPICAL TERM
Topical term or geographic name as entry element বাংলা সাহিত্য
9 (RLIN) 120085
General subdivision ইতিহাস এবং সমালোচনা
Topical term or geographic name as entry element Bengali Literature
9 (RLIN) 120086
General subdivision History and Criticism
942 ## - ADDED ENTRY ELEMENTS (KOHA)
Source of classification or shelving scheme Dewey Decimal Classification
Koha item type Books
Holdings
Lost status Source of classification or shelving scheme Damaged status Not for loan Collection code Permanent Location Current Location Shelving location Date acquired Source of acquisition Cost, normal purchase price Total Checkouts Full call number Date last seen Copy number Koha item type Date checked out
  Dewey Decimal Classification     Non-fiction Central Library, University of Rajshahi Central Library, University of Rajshahi   21/01/1965 Ideal 7.00   B 891.44409 MOA 1962 09/11/2013 C- 2 Books  
  Dewey Decimal Classification     Non-fiction Central Library, University of Rajshahi Central Library, University of Rajshahi   22/01/1965 Ideal Library, Dhaka 7.00   B 891.44409 MOA 1962 16/07/2016 C-3 Books  
  Dewey Decimal Classification     Fiction Central Library, University of Rajshahi Central Library, University of Rajshahi General Stacks 22/01/1965 Dacca, Ideal Libray 7.00 2 B 891.44409 MOA 1962 09/05/2022 C-4 Books 18/04/2022